000 00435nam a2200181Ia 4500
003 0STCL
008 150530s9999 xx 000 0 und d
040 _aSTCL
_cSTCL
100 _aKumar, U.;Mahendra Jeet Asija
245 _aBiodiversity (Principles and Practices)
250 _a1
260 _bAgrobios; India
_c2009
_aIndia
300 _a0
546 _aEnglish
942 _2ddc
_cBK
999 _c37509
_d37509
005 20220125170422.0